01216nam a2200205 i 450000100060000000300090000600500170001500700030003200800410003510000600007624500580013626000490019430000200024350505140026365000140077785200680079194200080085999900170086795201260088438343ES-MaACL20250513063017.0t|030225m18261833sp ||||1| spa d1 aCalderón de la Barca, Pedro, d1600-1681eaut923959410aComedias escogidas de Don Pedro Calderon de la Barca. aMadrid : bAntonio Fernández, c1826-1833. a4 v. ; c15 cm.8 aContiene: T. I: No hay burlas con el amor. La dama duende. No siempre lo peor es cierto. Mañanas de abril y mayo. -- T. II: El astrólogo fingido. Dar tiempo al tiempo. El Petrarca de Jerusalén. Cúal es mayor perfección. -- T. III: Los empeños de un ocaso. Casa con dos puertas mala es de guardar. Amigo amante y leal. La cisma de Inglaterra. -- T. IV: Peor está que estaba. Mejor está que estaba. Comedias escogidas de Luis Vélez de Guevara. Reinar después de morir. El hollero de Ocaña.14a 9239522 x x aBA jR-2394-97 bR.1377-80 Olim: F-1377-80 2udc c38343d38343 001040708LIBXIXaATENEOMbATENEOMcDEPOd2008-01-17eSCl0oR-2394-7p1040369r2023-02-23 00:00:00w2023-02-23yMONANT